logo

Bir Sreshtho Munshi Abdur Rouf Library
Jhenaidah Cadet College

গণতন্ত্রের অমসৃণ পথ / (Record no. 13017)

MARC details
000 -LEADER
fixed length control field 00725nam a2200217 a 4500
001 - CONTROL NUMBER
JCCL Control Number 13017
003 - CONTROL NUMBER IDENTIFIER
JCCL marc code BD-JhCC
005 - DATE AND TIME OF LATEST TRANSACTION
control field 20230613202146.0
008 - FIXED-LENGTH DATA ELEMENTS--GENERAL INFORMATION
fixed length control field 230613b20172020bg |||| |||| 000 0 ben d
020 ## - INTERNATIONAL STANDARD BOOK NUMBER
International Standard Book Number 9789849190431
035 ## - SYSTEM CONTROL NUMBER
system control number (BD-JhCC)13017
040 ## - CATALOGING SOURCE
Original cataloging agency BD-JhCC
Modifying agency BD-JhCC
041 ## - LANGUAGE CODE
Language code of Book ben
082 ## - DEWEY DECIMAL CLASSIFICATION NUMBER
Classification number 320
Author mark and Year CHO 2020
100 ## - MAIN ENTRY--PERSONAL NAME
Personal name চৌধুরী, সিরাজুল ইসলাম
245 ## - TITLE STATEMENT
Title গণতন্ত্রের অমসৃণ পথ /
Statement of responsibility, etc সিরাজুল ইসলাম চৌধুরী
260 ## - PUBLICATION, DISTRIBUTION, ETC. (IMPRINT)
Place of publication, distribution, etc ঢাকা :
Name of publisher, distributor, etc চিত্রা প্রকাশনী,
Date of publication, distribution, etc ২০২০
300 ## - PHYSICAL DESCRIPTION
Pagination ১৬৭ পৃ. :
Dimensions ২১ সেমি.
650 ## - SUBJECT ADDED ENTRY--TOPICAL TERM
Topical term or geographic name as entry element Democracy
942 ## - ADDED ENTRY ELEMENTS (KOHA)
Source of classification or shelving scheme Dewey Decimal Classification
Koha item type Books
Holdings
Source of classification or shelving scheme Damaged status Not for loan Home library Current library Shelving location Date of accession Source of acquisition Cost, normal purchase price Total Checkouts Full call number Barcode Date last seen Date checked out Copy number Method of acquisition Koha item type Currency
Dewey Decimal Classification     JCC Rouf Library JCC Rouf Library General Stacks 06/13/2023 জাতীয় গ্রন্থকেন্দ্র 315.00 1 320 CHO 2020 17892 10/23/2023 09/17/2023 C-1 Gift/Donation Books BDT

JCC Library | Contacts | JCC Home

Last Update on 23 September 2017
Copyright @ 2017-2020 JCC Rouf Library
Rouf Library, Jhenidah Cadet College (JCC), Bangladesh